Wymień 25 piłkarzy - Statystyki

Ogólne statystyki
  • Ten quiz został rozwiązany 127 razy
  • Średni wynik to 14 z 25
Statystyki odpowiedzi
Obrazkowy Hint Odpowiedź % Poprawnych
Paris SG Mbappé
98%
Manchester city Haaland
97%
Bayern Kane
95%
Real Madryt Bellingham
85%
Barcelona Gavi
81%
Inter Mediolan Martínez
79%
Manchester Utd. Fernandes
75%
FC Arsenal Saka
75%
RB Leipzig Simons
71%
B. Leverkusen Wirtz
67%
Liverpool Szoboszlai
62%
Chealsea FC Fernández
60%
West Ham Utd. Paquetá
60%
Juventus Turyn Vlahović
60%
SSC Napoli Osimhen
55%
Bor. Dortmund Malen
54%
AS Roma Abraham
47%
Atlético Madryt Molina
47%
FC Porto Costa
38%
Sevilla FC En-Nesyri
26%
Ajax Brobbey
24%
Villarreal CF Pino
24%
Benfica Neves
22%
Atalanta BC Scalvini
21%
FC Brügge Thiago
7%
Nie znaleziono quizów pasujących do podanych kryteriów
Rozkład punktacji
Procent ludzi z każdym wynikiem
Percentyl według liczby udzielonych odpowiedzi
Twoja historia wyników
Nie rozwiązałeś tego quizu